| 000 | 01706cam a2200277 a 4500 | ||
|---|---|---|---|
| 999 |
_c5451 _d5451 |
||
| 001 | 25091779 | ||
| 003 | OCoLC | ||
| 005 | 20190103195934.0 | ||
| 008 | 911226r19921990tnua b 000 0 eng | ||
| 010 | _a91038580 | ||
| 020 | _a0840791593 | ||
| 020 | _a9780840791597 | ||
| 035 | _a(OCoLC)25091779 | ||
| 040 |
_aDLC _cDLC _dPGC _dBTCTA _dBAKER |
||
| 050 | 0 | 0 |
_aBV3790 _b.G79 1992 |
| 082 | 0 | 0 |
_a269.2 _220 _bG795E |
| 100 | 1 |
_aGreen, Michael, _d1930- |
|
| 245 | 1 | 0 |
_aEvangelism through the local church / _cMichael Green. |
| 260 |
_aNashville : _bOliver-Nelson, _c1992. |
||
| 300 |
_axvi, 590 p. : _bill. ; _c25 cm. |
||
| 500 | _a"First published in Great Britain 1990 by Hodder and Stoughton Limited ..."--T.p. verso. | ||
| 504 | _aIncludes bibliography (p. [581]-590). | ||
| 505 | 0 | _aPt. I. Issues for the church. Evangelism -- Clearing the ground -- Evangelism in a multifaith society? -- The church God uses in evangelism -- pt. II. The secular challenge. Getting to grips with the secular mind -- Handling agnosticism about God and Jesus -- Facing the problems of miracle and suffering -- Reaching the reasons of the heart -- pt. III. Church-based evangelism. Preaching for a verdict -- Person to person -- Christian nurture -- More ways than one -- Missions -- God the Evangelist -- Evangelism through the local church -- pt.IV. Practical appendixes. A course for inquirers -- Discovery groups for new Christians -- Evangelistic missions in church and city -- Leading a mission and training a team -- Drama and movement in evangelism -- Leading worship in evangelism -- Sports ministry from the local church -- Social justice and evangelism. | |
| 650 | 0 | _aEvangelistic work. | |
| 942 |
_2ddc _cBK |
||